Zwycięzcy konkursów i turniejów w Pucharze Świata 2019/2020 - Statystyki

Ogólne statystyki
  • Ten quiz został rozwiązany 252 razy
    189 od ostatniego zresetowania
  • Średni wynik to 34 z 39
Statystyki odpowiedzi
Numer Miejsce Typ Narodowość Skoczek/kadra % Poprawnych
1. Wisła druż. Austria
99%
5. NIżny Tagił Austria Kraft
91%
turniej Turniej Czterech Skoczni Polska Kubacki
91%
6. Klingenthal druż Polska
91%
14. Predazzo Niemcy Geiger
90%
15. Predazzo Niemcy Geiger
90%
13. Bischofshofen TCS Polska Kubacki
90%
16. Titisee-Neustadt TNF Polska Kubacki
90%
17. Titisee-Neustadt TNF Polska Kubacki
90%
7. Klingenthal Japonia Kobayashi
89%
9. Engelberg Japonia Kobayashi
89%
10. Oberstdorf TCS Japonia Kobayashi
89%
turniej Titisee-Neustadt Five Japonia Kobayashi
89%
21. Sapporo Austria Kraft
89%
18. Zakopane druż. Niemcy
89%
8. Engelberg Polska Stoch
89%
19. Zakopane Polska Stoch
89%
2. Wisła Norwegia Tande
89%
25. Rasnov Niemcy Geiger
88%
29. Lahti Niemcy Geiger
88%
24. Bad Mitterndorf Loty Austria Kraft
88%
26. Rasnov Austria Kraft
88%
27. Lahti Austria Kraft
88%
PŚ w lotach Austria Kraft
88%
Austria Kraft
88%
32. Lillehammer RA Polska Stoch
88%
turniej Raw Air Polska Stoch
88%
3. Kuusamo Norwegia Tande
88%
23. Bad Mitterndorf Loty Polska Żyła
88%
28. Lahti druż. Niemcy
87%
Puchar Narodów Niemcy
87%
30. Oslo druż., RA Norwegia
87%
31. Lillehammer RA Słowenia Prevc
86%
11. Ga-Pa TCS Norwegia Lindvik
85%
12. Innsbruck TCS Norwegia Lindvik
85%
4. Niżny Tagił Japonia Sato
85%
20. Sapporo Japonia Sato
85%
22. Willingen WF Niemcy Leyhe
79%
turniej Willingen Five Niemcy Leyhe
79%
Nie znaleziono quizów pasujących do podanych kryteriów
Rozkład punktacji
Procent ludzi z każdym wynikiem
Percentyl według liczby udzielonych odpowiedzi
Twoja historia wyników
Nie rozwiązałeś tego quizu od ostatniego zresetowania